| 000 | 01013nam a2200253 i 4500 | ||
|---|---|---|---|
| 001 | bgj | ||
| 100 | 1 | _aWOODWARD, Tessa | |
| 245 | 1 | 0 |
_aPlanning from Lesson to Lesson : _ba way of making lesson planning easier / _cTessa Woodward and Seth Lindstromberg. |
| 260 |
_aHarlow, Essex : _bLongman, _c1995. |
||
| 300 |
_aVI, 138 pp : _bfig. ; _c25 cm. |
||
| 490 | 1 | _aPilgrims Longman Resource Books / [edited by] Seth Lindstromberg | |
| 500 | _aThis book is produced in association with Pilgrims Language Courses Limited of Canterbury, England. | ||
| 504 | _aBibliography p. 137-138. | ||
| 650 | 9 |
_aEnglish language _xStudy and teaching _xForeign speakers |
|
| 650 | 9 |
_aActivity programmes in education _xLesson planning |
|
| 700 | 1 |
_aLINDSTROMBERG, Seth. _eco-author |
|
| 830 | 0 | _aPilgrims Longman Resource Books ([edited by] Seth Lindstromberg) | |
| 020 | _a058208959X (pbk) | ||
| 040 | _cBPK | ||
| 041 | 0 | _aeng | |
| 920 | _a0-582-08959-X (pbk) | ||
| 942 | _cKS | ||
| 008 | s uk f |000 0 eng | ||
| 999 |
_c48085 _d48085 |
||
| 856 |
_uhttp://koha.tu.koszalin.pl/cgi-bin/koha/opac-detail.pl?biblionumber=48085 _yKatalog online BPK |
||